[Event "National Open 2014"]
[Site "Las Vegas USA"]
[Date "2014.06.15"]
[Round "6.7"]
[White "Browne,W"]
[Black "Finegold,B"]
[Result "0-1"]
[WhiteElo "2440"]
[BlackElo "2503"]

1.e4 c5 2.Nf3 Nc6 3.Bb5 e6 4.O-O Nge7 5.Re1 a6 6.Bf1 d5 7.exd5 Nxd5 8.d4 Nf6
9.Be3 cxd4 10.Nxd4 Nxd4 11.Bxd4 Be7 12.Nc3 Bd7 13.a4 Bc6 14.a5 Bb4 15.Re3 Qd6
16.Rd3 Qf4 17.Bb6 Be7 18.g3 Qf5 19.Bg2 Bxg2 20.Kxg2 O-O 21.Ra4 Rac8 22.Qf3 Qxf3+
23.Kxf3 Rc6 24.g4 h6 25.h4 Rfc8 26.Be3 Ne8 27.Rd7 R6c7 28.Rxc7 Rxc7 29.Bb6 Rc6
30.h5 Kf8 31.Ke2 Bf6 32.Bd4 Bxd4 33.Rxd4 Ke7 34.Kd3 Nd6 35.f4 f5 36.gxf5 Nxf5
37.Rb4 Rd6+ 38.Ke4 Rd7 39.Na4 Kf6 40.c3 Rd5 41.c4 Rxa5 42.c5 Ne7 43.b3 Rb5
44.Rxb5 axb5 45.Nc3 b4 46.Nb5 Nc6 47.Nd6 Na5 48.Kd3 Ke7 49.f5 exf5 50.Nxf5+ Kf6
51.Nd6 g6 52.hxg6 Kxg6 53.Ke4 h5 54.Kf4 Kf6 55.Ne4+ Ke6 56.Nf2 Kd5 57.Nd3 Nc6
58.Kg5 Kd4 59.Nc1 Ke3  0-1